000 00778nam a2200217Ia 4500
003 GCL
008 140319s9999 xx 000 0 ara d
040 _aGCL /
_cGCL
082 0 4 _aم
_b011
_bا م
100 1 _aابراهيم حلمى
245 1 0 _aمكتبة الجامعة المصرية : فهرس مكتبة صاحب السمو المغفور له /
_cابراهيم حلمى
260 _aالقاهرة :
_bدار الكتب المصرية ،
_c1936
300 _a448 ص ؛
_c25 سم
650 0 4 _aاللغة العربية
650 0 4 _aالفهارس
650 0 4 _aاللغة الفارسية
650 0 4 _aاللغة التركية
650 0 4 _aالمكتبات - فهارس
650 0 4 _aمكتبة الامير ابراهيم حلمى
942 _2ddc
_cREF
999 _c59421
_d59421